LEADER 01083cam0-22003731i-450- 001 990005268010403321 005 20121113113416.0 035 $a000526801 035 $aFED01000526801 035 $a(Aleph)000526801FED01 035 $a000526801 100 $a19990604d1977----km-y0itay50------ba 101 0 $afre 102 $aFR 105 $ay-------001yy 200 1 $a<>dieux souverains des indo-européens$fGeorges Dumézil 205 $a2ème édition revue et corrigée 210 $aParis$cGallimard$d1977 215 $a270 p.$d23 cm 225 1 $aBibliothèque des sciences humaines 610 0 $aDivinità indoeuropee 610 0 $aMitologia vedica 610 0 $aDivinità indoeuropee$aZoroastrismo 676 $a294$v22$zita 700 1$aDumézil,$bGeorges$0375579 801 0$aIT$bUNINA$gRICA$2UNIMARC 901 $aBK 912 $a990005268010403321 952 $a294 DUM 1$bANT. G.R. 4040$fFLFBC 952 $aXI G D 40 (1)$b6944$fDFD 959 $aFLFBC 959 $aDFD 996 $aDieux souverains des Indo-Européens$924309 997 $aUNINA LEADER 01040nam0-22003611i-450 001 990001638160403321 005 20201008141655.0 035 $a000163816 035 $aFED01000163816 035 $a(Aleph)000163816FED01 035 $a000163816 100 $a20030910d1982----km-y0itay50------ba 101 0 $aita 102 $aIT 105 $aa 001yy 200 1 $aCalanoidi$eCrustacea, Copepoda, Calanoida$fEmilia Stella 210 $aRoma$cCNR$d1982 215 $a67 p.$ciil.$d21 cm 225 1 $aGuide per il riconoscimento delle specie animali delle acque interne italiane$v14 225 1 $aProgetto finalizzato Promozione della qualità dell'ambiente$vAQ/1/140 610 0 $aCrustacea 610 0 $aCopepoda 676 $a595.3 676 $a595.34 676 $a593$v23$zita 700 1$aStella,$bEmilia$070208 801 0$aIT$bUNINA$gRICA$2UNIMARC 901 $aBK 912 $a990001638160403321 952 $a60 593 CNR-14 1982$b48698$fFAGBC 959 $aFAGBC 996 $aCalanoidi$9405551 997 $aUNINA LEADER 00940nam--2200325---450 001 990003272760203316 005 20220520113123.0 035 $a000327276 035 $aUSA01000327276 035 $a(ALEPH)000327276USA01 035 $a000327276 100 $a20090616d2008----km-y0itay50------ba 101 $aita 102 $aIT 105 $a||||||||001yy 200 1 $aMelissa$earcheologia delle api e del miele nella grecia antica$fMarco Giuman 210 $aRoma$cG. Bretschneider$d2008 215 $aXV, 287 p., XXIII p. di tav., 23 p. di fig.$cill.$d25 cm 225 2 $aArchaeologica$v148 410 0$12001$aArchaeologica 606 0 $aApi [e] Miele$yGrecia Antica 676 $a704.9432 700 $aGIUMAN,$bMarco$0477410 801 0$aIT$bsalbc$gISBD 912 $a990003272760203316 951 $aXI.3.B. 557$b212563 L.M.$cXI.3.B.$d00226536 959 $aBK 969 $aUMA 996 $aMelissa$9239927 997 $aUNISA